La búsqueda de la utopía.

Na minha lista:
Detalhes bibliográficos
Formato: Desconhecido
Idioma:Spanish
Assuntos:
Tags: Adicionar Tag
Sem tags, seja o primeiro a adicionar uma tag!

MARC

LEADER 000000000a22000000004500
001 003323
041 0 |a spa 
245 0 3 |a La búsqueda de la utopía. 
650 4 |a UTOPIA 
650 4 |a REALIDAD CULTURAL 
650 4 |a REALIDAD SOCIAL 
773 0 |d UNESCO  |t El Correo de la UNESCO  |g (1991), página 50 
942 |c ARC 
999 |c 10001  |d 10001